000
00323nam a2200133Ia 4500
005
20260328104253.0
008
260328s9999||||xx |||||||||||||| ||und||
100
_a
Lloyd Wright, Olgivanna
245
0
_a
Our House /
_c
Olgivanna Lloyd Wright
260
_b
Horizon
300
_a
308 p.
650
_a
ARQUITECTOS
942
_c
BK
999
_c
10316
_d
10316